000 00959nam a22002657a 4500
003 OSt
005 20240802091842.0
008 240725b |||||||| |||| 00| 0 eng d
020 _a9781912685424 (paperback)
040 _aNUST
_beng
_cNUST
_dNUST
_erda
050 _aPN1590 STA
100 _aStabile, Carol A
_eAuthor
245 _aThe Broadcast 41 ;
_bWomen and the anti-communist blacklist /
_cCarol A. Stabile
260 _aLondon :
_bGoldsmiths Press,
_c2018.
300 _axxvi, 274 pages :
_c24 cm
336 _2rdamedia
_atext
_btxt
337 _2rdamedia
_aunmediated
_bn
338 _2rdamedia
_avolume
_bnc
504 _aIncludes bibliographical references and index.
650 _vUnited States- Federal Bureau and investigation.
650 _vBlackisting of entertainers - United States.
650 _vWomen entertainers - United States.
650 _vCommunism - United States.
942 _2lcc
_cBOOKS
_hPN1590 STA
_kPN
_mSTA
_n0
999 _c170907
_d170907